Vista normal
Vista MARC
Entrada Personal Name
Número de registros utilizados en: 1
001 - CONTROL NUMBER
- control field: 14709
003 - CONTROL NUMBER IDENTIFIER
- control field: DLC
005 - DATE AND TIME OF LATEST TRANSACTION
- control field: 20230824090244.0
008 - FIXED-LENGTH DATA ELEMENTS
- fixed length control field: 970721n| acannaab| |n aaa |||
010 ## - LIBRARY OF CONGRESS CONTROL NUMBER
- LC control number: n 97073151
040 ## - CATALOGING SOURCE
- Original cataloging agency: DLC
- Transcribing agency: Mx-PuUPA
- Language of cataloging: spa
- Modifying agency: Mx-PuUPA
- Description conventions: rda
046 ## - SPECIAL CODED DATES
- Birth date: 1930
100 10 - HEADING--PERSONAL NAME
- Personal name: Kieser, Günther,
- Dates associated with a name: 1930-
374 ## - OCCUPATION
- Occupation: Autor
375 ## - GENDER
- Gender: hombre
377 ## - ASSOCIATED LANGUAGE
- Language code: ger
- Language term: Alemán
670 ## - SOURCE DATA FOUND
- Source citation: Das zweite Gesicht, 1989:
- Information found: cover (Günther Kieser) p. 38 (b. 3/24/1930 in Kronberg (Taunus); poster artist; teaches at Bergische Universität Gesamthochschule Wuppertal)